000 01459nam a2200265Ia 4500
999 _c50968
_d50968
001 17925
003 GE_BSU
005 20200228151232.0
008 181216s2013ge xx |||||||||||||| ||geo||
020 _a978-9941-0-5982-7
040 _cGE_BSU
041 _ageo
080 _a342.4(479.22) ს-32
245 _aსაქართველოს საკონსტიტუციო სამართალი :
_bსახელმძღვანელო /
_cდიმიტრი გეგენავა ; ბექა ქანთარია ; ლანა ცანავა [და სხვ.] დიმიტრი გეგენავას საერთო რედ.
264 _aთბილისი :
_bდავით ბატონიშვილის სამართლის ინ-ტი,
_c2013.
300 _a407 გვ. ;
_c 24 სმ
504 _aბიბლიოგრ. ტექსტის შენიშვნ. და გვ. 395-407
653 _aსაქართველოს საკონსტიტუციო სამართალი
653 _aსამართალი
700 _aგეგენავა, დიმიტრი
_97636
700 _aქანთარია, ბექა
_97637
700 _aცანავა, ლანა
_97638
700 _aგეგენავა, დიმიტრი
_eრედაქტორი
_97639
942 _cBK
_2udc